000 00466nam a2200145Ia 4500
008 100122s9999 xx 000 0 und d
082 _b21802
_a634.8
100 _aकोप्पीकर गौ रा
245 _aद्राक्षाची बाग
260 _bउद्यम प्रकाशन
_c1966
300 _a134
630 _aद्राक्षाची बाग
730 _aद्राक्षाची बाग
942 _cBOOK
999 _c409757
_d409754